00329 a2200109 4500001000700000020000600007040001100013100004500024240007300069245006800142362000900210177675 a  cMagnum aPassini, Elza Y. e Almeida, Rosangela D.10aRepensando o ensino: o espaco geografico ensino e representacaolpor10aRepensando o ensino: o espaco geografico ensino e representacao0 a1899